| 000 | 00726nam a22001577a 4500 | ||
|---|---|---|---|
| 003 | OSt | ||
| 005 | 20150914082243.0 | ||
| 008 | 150914b xxu||||| |||| 00| 0 eng d | ||
| 040 | _cRUA | ||
| 082 | _aAGR HAY 1998 B020 Or.1 | ||
| 100 |
_9418 _aHAY, VEASNA. |
||
| 245 | _aឥទ្ធិពលរបស់ខ្មូត callosovruchus maculatus ទៅលើការស្តុកគ្រាប់សណ្តែកនៅបណ្តាឃ្លាំងនានាជុំវិញរាជធានីភ្នំពេញ ( the economic imparct of callosobruchus maculatus on general bean stock in the warehouses around phnom penh) | ||
| 260 |
_aPhnom Penh _bRUA _c1998 |
||
| 300 |
_a68p. _bill. _c29cm. |
||
| 942 |
_2ddc _cAGR |
||
| 999 |
_c396 _d396 |
||